[Event "IND-chT IIT 57th"]
[Site "Indore"]
[Date "2024.12.12"]
[Round "3.1"]
[White "Arindam, Mitra"]
[Black "Anshul, Kaushik"]
[Result "1-0"]
[WhiteElo "1623"]
[BlackElo "1854"]
[PlyCount "53"]
[EventDate "2024.12.10"]
[EventType "team-swiss"]
[EventRounds "7"]
[EventCountry "IND"]
[SourceTitle "CB04_2025"]
[SourceDate "2025.01.22"]
[SourceVersion "1"]
[SourceVersionDate "2025.01.22"]
[SourceQuality "1"]
[WhiteTeam "Gandhinagar"]
[BlackTeam "Indore"]
[WhiteTeamCountry "IND"]
[BlackTeamCountry "IND"]

1. Nf3 e6 2. g3 f5 3. Bg2 Nf6 4. 0-0 Be7 5. d3 d5 6. Nbd2 0-0 7. Qe1 b6 8. e4 fxe4 9. dxe4 Ba6 10. exd5 Bxf1 11. Qxe6+ Kh8 12. Nxf1 Bd6 13. Ng5 Qe8 14. Ne3 Na6 15. Bd2 Qh5 16. h4 Rae8 17. Qh3 Qe2 18. Be1 Nh5 19. Bf1 Rxe3 20. Bxe2 Rxe2 21. Qg4 Nxg3 22. Ne6 Rxe6 23. dxe6 Nf5 24. Bc3 Nc5 25. Re1 Be7 26. h5 h6 27. Re5 1-0